| 000 | 00401nam a2200181Ia 4500 | ||
|---|---|---|---|
| 008 | 240510s9999 xx 000 0 und d | ||
| 020 | _a0000704407310 | ||
| 041 | _aEng | ||
| 082 | _a004 | ||
| 082 | _bC55 | ||
| 245 | 0 | _aComputer applications in archaeology 1984 | |
| 260 | _bBirmingham : CCC | ||
| 260 | _c1984 | ||
| 300 | _a211 p. | ||
| 650 | _aArchaeology | ||
| 942 | _2ddc | ||
| 942 | _cLBK | ||
| 999 |
_c25817 _d25817 |
||
| 945 |
_a1 _bMadushi Gamage _c1 _dMadushi Gamage |
||